LEADER 02452nam0 22004093i 450 001 TO01324299 005 20251003044410.0 010 $a8882333515 100 $a20081031d2004 ||||0itac50 ba 101 | $aita 102 $ait 181 1$6z01$ai $bxxxe 182 1$6z01$an 200 1 $aSocio lavoratore e cooperative di lavoro$econtratto sociale e rapporti di lavoro tra soci e cooperative secondo la legge n. 142 del 2001 alla luce delle ultime modifiche legislative e della riforma del mercato del lavoro$eessenza del rapporto sociale, connessione tra rapporto sociale e rapporti di lavoro, rapporti di lavoro, diritti doveri e tutele, trattamento economico previdenziale e fiscale, ristorni, devoluzione delle controversie, regolamento interno$fMario Frascarelli, Claudio Riciputi 205 $a2. ed 210 $aMilano$cFAG$d2004 215 $a205 p.$d24 cm. 225 | $aStrumenti$i. Lavoro 410 0$1001TO01289062$12001 $aStrumenti$i. Lavoro 606 $aCooperative di produzione e lavoro$xRapporti di lavoro$xLegislazione$2FIR$3NAPC233450$9I 676 $a344.4501$9Diritto del lavoro, diritto in materia di servizio sociale, di educazione, di cultura. Italia - Lavoro$v14 696 $aCooperative di impreditori$aCooperative di produzione$aCooperative di produttori$aCooperative di lavoro$aRapporti d'impiego 699 $aCooperative di produzione e lavoro$zCooperative di impreditori 699 $aCooperative di produzione e lavoro$yCooperative di produzione 699 $aCooperative di produzione e lavoro$yCooperative di produttori 699 $aCooperative di produzione e lavoro$yCooperative di lavoro 699 $aRapporti di lavoro$zRapporti d'impiego 700 1$aFrascarelli$b, Mario$3RAVV073637$4070$0381080 701 1$aRiciputi$b, Claudio$3UBOV628651$4070$0759130 801 3$aIT$bIT-000000$c20081031 850 $aIT-BN0095 901 $bNAP 01$cPOZZO LIB.$nVi sono collocati fondi di economia, periodici di ingegneria e scienze, periodici di economia e statistica e altri fondi comprendenti documenti di economia pervenuti in dono. 912 $aTO01324299 950 0$aBiblioteca Centralizzata di Ateneo$c1 v.$d 01POZZO LIB.ECON MON 960$e 0101 0000031495E VMA 1 v. (Precedente collocazione: DASES B 677)$fB $h20081031$i20081031 977 $a 01 996 $aSocio lavoratore e cooperative di lavoro$91534300 997 $aUNISANNIO